Streets Won't Forget - Picture Quiz - Statistics

General Stats
  • This quiz has been taken 85 times
  • The average score is 12 of 16
Answer Stats
Picture Hint Answer % Correct
Bulgaria - Man United Dimitar Berbatov
97%
Portugal - Porto Ricardo Quaresma
96%
Nigeria - PSG Jay-Jay Okocha
92%
France - Marseille Dimitri Payet
91%
France - Man City Samir Nasri
88%
Russia - Arsenal Andrey Arshavin
87%
Spain - Swansea Michu
80%
Japan - Borussia Dortmund Shinji Kagawa
80%
Morocco - QPR Adel Taarabt
77%
Argentina - Boca Juniors Juan Roman Riquelme
76%
Brazil - Lyon Juninho
71%
Italy - Udinese Antonio Di Natale
63%
Colombia - Deportivo Cali Carlos Valderrama
61%
Spain - Real Madrid Guti
53%
Mexico - LA Galaxy Giovani Dos Santos
44%
France - Newcastle United Hatem Ben Afra
21%
No matching quizzes found
Score Distribution
Percent of People with Each Score
Percentile by Number Answered
Your Score History
You have not taken this quiz